| 000 | 00562nam a2200205Ia 4500 | ||
|---|---|---|---|
| 001 | 20340 | ||
| 003 | IVS | ||
| 005 | 20250626030903.0 | ||
| 008 | 211022s9999 xx 000 0 und d | ||
| 040 | _cIVS | ||
| 082 | _a729 FAR | ||
| 100 | _aFarhan Ali | ||
| 245 | 0 | _aPresence through Musical expression: Can Space inspire a change? | |
| 260 | _aKarachi | ||
| 260 | _bIndus Valley School of Art & A | ||
| 260 | _c2015 | ||
| 300 | _a30 | ||
| 856 | _uhttps://drive.google.com/file/d/1J0ihhg407s1SiyHi-ZXTQMlf7YsRiG6A/view?usp=sharing | ||
| 942 |
_cDISS _2ddc _n0 |
||
| 999 |
_c13832 _d13832 |
||